Mother lode and Sunset mines, Boundary district, B.C., (Record no. 25423)

MARC details
000 -LEADER
fixed length control field 01037cam a22002771 4500
001 - CONTROL NUMBER
control field gs 14000741
003 - CONTROL NUMBER IDENTIFIER
control field DLC
005 - DATE AND TIME OF LATEST TRANSACTION
control field 20260227111316.0
008 - FIXED-LENGTH DATA ELEMENTS--GENERAL INFORMATION
fixed length control field 761012s1913 oncabf b 000 0 eng c
010 ## - LIBRARY OF CONGRESS CONTROL NUMBER
LC control number gs 14000741
035 ## - SYSTEM CONTROL NUMBER
System control number (OCoLC)2497438
040 ## - CATALOGING SOURCE
Original cataloging agency U.S. Geol. survey. Library
Transcribing agency OGraD
Modifying agency NSbSU
-- DLC
042 ## - AUTHENTICATION CODE
Authentication code premarc
050 00 - LIBRARY OF CONGRESS CALL NUMBER
Classification number QE185
Item number .A2 no. 19
051 ## - LIBRARY OF CONGRESS COPY, ISSUE, OFFPRINT STATEMENT
Classification number TN444.C4
Item number B75
Copy information Copy 2.
100 1# - MAIN ENTRY--PERSONAL NAME
Personal name Leroy, Osmond Edgar.
245 10 - TITLE STATEMENT
Title Mother lode and Sunset mines, Boundary district, B.C.,
Statement of responsibility, etc. by O.E. LeRoy.
260 ## - PUBLICATION, DISTRIBUTION, ETC.
Place of publication, distribution, etc. Ottawa,
Name of publisher, distributor, etc. Government Printing Bureau,
Date of publication, distribution, etc. 1913.
300 ## - PHYSICAL DESCRIPTION
Extent iv, 56 p.
Other physical details illus., V pl. (incl. front.) 2 fold. maps (in pocket)
Dimensions 25 cm.
490 1# - SERIES STATEMENT
Series statement Canada. Geological Survey. Memoir 19, Geological series 26
500 ## - GENERAL NOTE
General note At head of title: Canada. Department of Mines ...
504 ## - BIBLIOGRAPHY, ETC. NOTE
Bibliography, etc. note "Previous work and bibliography": p.5-6.
650 #0 - SUBJECT ADDED ENTRY--TOPICAL TERM
Topical term or geographic name entry element Geology
Geographic subdivision British Columbia.
650 #0 - SUBJECT ADDED ENTRY--TOPICAL TERM
Topical term or geographic name entry element Mines and mineral resources
Geographic subdivision British Columbia.
830 #0 - SERIES ADDED ENTRY--UNIFORM TITLE
Uniform title Memoir (Geological Survey of Canada) ;
Volume/sequential designation no. 19

No items available.

Powered by Koha